01390 a2200229 4500003000500000005001700005010001700022020002800039040000900067082001200076100002000088245011900108260003900227300003500266505051400301650003600815651001100851700003200862856009800894856009000992856007801082Nust20170207154030.0 a 2002032425 a0471204889 (alk. paper) cNust00a910.2851 aHarmon, John E.14aThe design and implementation of geographic information systems - (E-BOOK)cJohn E. Harmon and Steven J. Anderson. aHoboken, N.J. :bJ. Wiley,cc2003. aviii, 264 p. ;bill. ;c25 cm. aIntroduction (Page-1) Before Design Needs Assessment and Requirements Analysis (Page-13) Designing the GIS Database Schema (Page-47) Designing Spatial Data (Page-69) Design Issues for Attribute Data (Page-127) Remotely Sensed Data as Background Layers and Data Sources (Page-147) Implementation Data Development and Conversion (Page-169) Implementation Selecting Hardware and Software (Page-183) Designing the Organization for GIS (Page-201) Early Management Concerns Interacting with the System (Page-217)  0aGeographic information systems. aE-BOOK1 aAnderson, Steven J.,d1964-423Contributor biographical informationuhttp://www.loc.gov/catdir/bios/wiley043/2002032425.html423Publisher descriptionuhttp://www.loc.gov/catdir/description/wiley036/2002032425.html423Table of contentsuhttp://www.loc.gov/catdir/toc/wiley031/2002032425.html